भारत का वीर योध्दा महाराणा प्रताप/ (Record no. 209932)

MARC details
000 -LEADER
fixed length control field 01299nam a22002177a 4500
005 - DATE AND TIME OF LATEST TRANSACTION
control field 20251208165024.0
010 ## - LCCN (DPL NO)
LC control number HIN-130567 B-772677-687 25BACHN25
020 ## - INTERNATIONAL STANDARD BOOK NUMBER
Terms of availability 500.00
International Standard Book Number 9789393614421
035 ## - SYSTEM CONTROL NUMBER
System control number B-772677-687
035 ## - SYSTEM CONTROL NUMBER
System control number HN-102913
037 ## - SOURCE OF ACQUISITION
Source of stock number/acquisition प्रखर पब्लिशर्स
037 ## - SOURCE OF ACQUISITION
Source of stock number/acquisition DBAD
082 ## - DEWEY DECIMAL CLASSIFICATION NUMBER
Edition number 1
Classification number 920
100 ## - MAIN ENTRY--PERSONAL NAME
Personal name पाण्डेय, कमलेश
245 ## - TITLE STATEMENT
Title भारत का वीर योध्दा महाराणा प्रताप/
Statement of responsibility, etc कमलेश पाण्डेय
260 ## - PUBLICATION, DISTRIBUTION, ETC. (IMPRINT)
Place of publication, distribution, etc दिल्ली
Name of publisher, distributor, etc प्रखर पब्लिशर्स
Date of publication, distribution, etc 2024
270 ## - ADDRESS
Address 2005,गली राजा उग्रसेन,सीताराम बाजार,
City दिल्ली
Postal code 110006
300 ## - PHYSICAL DESCRIPTION
Extent 160पृ.
Dimensions 22सेमी.(अजिल्द)
942 ## - ADDED ENTRY ELEMENTS (KOHA)
Source of classification or shelving scheme Dewey Decimal Classification
Item type Hindi Books
Classification part 920
Call number suffix पाण्डेय
Holdings
Withdrawn status Lost status Not for loan Collection code Home library Current library Date acquired Source of acquisition Cost, normal purchase price Full call number Barcode Copy number Cost, replacement price Koha item type
      Non-fiction Ashok Vihar Ashok Vihar 26/08/2025 प्रखर पब्लिशर्स/40/25.03.2025/141/21.03.2025/27.03.2025 500.00 पाण्डेय 920 B-772679 1 500.00 Hindi Books
      Non-fiction Bagh Kadhe Khan Bagh Kadhe Khan 26/08/2025 प्रखर पब्लिशर्स/40/25.03.2025/141/21.03.2025/27.03.2025 500.00 पाण्डेय 920 B-772685 1 500.00 Hindi Books
      Non-fiction Bawana Bawana 26/08/2025 प्रखर पब्लिशर्स/40/25.03.2025/141/21.03.2025/27.03.2025 500.00 पाण्डेय 920 B-772686 1 500.00 Hindi Books
      Non-fiction Central Library Central Library 26/08/2025 प्रखर पब्लिशर्स/40/25.03.2025/141/21.03.2025/27.03.2025 500.00 पाण्डेय 920 B-772677 1 500.00 Hindi Books
      Non-fiction Janak Puri Janak Puri 26/08/2025 प्रखर पब्लिशर्स/40/25.03.2025/141/21.03.2025/27.03.2025 500.00 पाण्डेय 920 B-772681 1 500.00 Hindi Books
      Non-fiction New Police Line New Police Line 26/08/2025 प्रखर पब्लिशर्स/40/25.03.2025/141/21.03.2025/27.03.2025 500.00 पाण्डेय 920 B-772678 1 500.00 Hindi Books
      Non-fiction New Rohtak Road New Rohtak Road 26/08/2025 प्रखर पब्लिशर्स/40/25.03.2025/141/21.03.2025/27.03.2025 500.00 पाण्डेय 920 B-772684 1 500.00 Hindi Books
      Non-fiction Patel Nagar Patel Nagar 26/08/2025 प्रखर पब्लिशर्स/40/25.03.2025/141/21.03.2025/27.03.2025 500.00 पाण्डेय 920 B-772680 1 500.00 Hindi Books
      Non-fiction Sarojini Nagar Sarojini Nagar 26/08/2025 प्रखर पब्लिशर्स/40/25.03.2025/141/21.03.2025/27.03.2025 500.00 पाण्डेय 920 B-772682 1 500.00 Hindi Books
      Non-fiction Sarojini Nagar Sarojini Nagar 08/12/2025 DBAD 500.00 920 पाण्डेय HN-102913 1 500.00 Hindi Books
      Non-fiction Shahdara Branch Shahdara Branch 26/08/2025 प्रखर पब्लिशर्स/40/25.03.2025/141/21.03.2025/27.03.2025 500.00 पाण्डेय 920 B-772687 1 500.00 Hindi Books
      Non-fiction Vinoba Puri Vinoba Puri 26/08/2025 प्रखर पब्लिशर्स/40/25.03.2025/141/21.03.2025/27.03.2025 500.00 पाण्डेय 920 B-772683 1 500.00 Hindi Books

© Delhi Public Library
Hit Counter
free hit counter